00658cam a2200169 a 4500001000800000005001700008008004100025020003400066020003900100050002300139082001600162100003600178245010400214260008600318300002100404500006300425305309420250707145236.0960627r19961991miu b 001 0 eng  a0802842569qpbk. : alk. paper a9780802842565q(pbk. : alk. paper)00aBS2506b.B425 199600a225.9/22201 aBeker, Johan Christiaan,d1924-10aHeirs of Paul :bPaul's legacy in the New Testament and in the church today /cJ. Christiaan Beker. aGrand Rapids, Mich. ;aCambridge, U.K. :bWilliam B. Eerdmans Pub.,c1996, c1991. a146 p. ;c23 cm. a"This ed. first published 1996 by Wm. B. Eerdman Pub. Co."